• 首页
  • 本馆介绍
  • 公告通知
  • 最新文献
  • 馆藏检索
  • 电子资源
  • 读者导购
  • 参考咨询
  • 我的图书馆
  • 登录
  • 详细信息显示
  • 放入我的书架
  • 预约/预借图书
  • 作者相关作品
  • 分类相关作品
  • 丛书相关作品
  • 出版社相关作品

书目信息

  • 表格格式
  • 工作单格式
  • 卡片格式
书名: Saint-Pascal
作者: Gerald L. Gold.
分册号:
分册名:
出版地: Toronto :
 
出版社: Holt, Rinehart & Winston of Canada
出版时间: c1975.
页数: viii, 215 p. :
开本: 19 cm.
丛书名:
中图分类号:
科图分类号:
其他分类号: C34
主题词:
电子资源:
000 01098cam a2200337 i 450
001 E0732658203
005 20070513091141.57
008 750818s1975 onca b 001 0 eng
010    @a74029740
015    @aC***
020    @a0039280454.
035    @A(DLC) 74029740
040    @aDLC@cDLC@dDLC
043    @an-cn-qu
050 00 @aHN110.Q4@bG65
082 00 @a309.1/714/75
090    @aC34
099    @dC34@ex10
100 1  @aGold, Gerald L.
245 10 @aSaint-Pascal :@bchanging leadership & social organization in a Quebec town / @cGerald L. Gold.
260    @aToronto :@bHolt, Rinehart & Winston of Canada,@cc1975.
300    @aviii, 215 p. :@bill. ;@c19 cm.
490 0  @aCultures & communities
490 0  @aCommunity studies
500    @aIncludes index.
504    @aBibliography: p. 208-210.
651  0 @aSaint-Pascal, Que.@xSocial conditions.
651  0 @aSaint-Pascal, Que.@xEconomic conditions.
651  0 @aSaint-Pascal, Que.@xPolitics and government.
906    @a7@bcbc@corignew@d2@eocip@f19@gy-gencatlg
991    @bc-GenColl@hHN110.Q4@iG65@tCopy 1@wBOOKS
    
    Saint-Pascal : : changing leadership & social organization in a Quebec town / / Gerald L. Gold.-Toronto : : Holt, Rinehart & Winston of Canada, , c1975.
    viii, 215 p. : : ill. ; ; 19 cm.- (Cultures & communities ).- (Community studies )
    Includes index.-Bibliography: p. 208-210.
    
    ISBN 0039280454.
    
●
相关链接 在E读中查询图书 在五车中查询图书 在当当中查询图书 在豆瓣中查询图书


正题名:Saint-Pascal     索取号:C34/x10         预约/预借

序号 登录号 条形码 馆藏地/架位号 状态 备注
1 0008437   300084370   第二样本阅览室/ [索取号:C34/x10] 在馆    
唐山师范学院图书馆 欢迎您!
大连网信软件有限公司© 版权所有